000 00922nam a22002657a 4500
005 20091020160232.0
008 091020t xxu||||| |||| 00| 0 eng d
010 _aENG-95155
020 _a9780070145047
_c250.00
020 _a0070145040
_c250.00
035 _aEN-78688
037 _bDBAD/PUB
040 _aDPL
082 _a658.87
100 _aRay, Rajesh
245 _aSupply chain management for retailing /
_cby Rajesh Ray
260 _aNew Delhi
_bTata McGraw Hill Education
_c2010
270 _a7, West Patel Nagar
_bNew Delhi
_e110008
300 _axi,431p.
_c24 cm (Pbk)
500 _aIncludes index
650 _aBusiness logistics
650 _aRetail trade
_xManagement
942 _2ddc
_cEN
_mRAY
_h658.87
999 _c30979
_d30979